000 00842nam a2200253 a 4500
008 000621s2000 xo ap r yy 0 slo c
020 _a8071454044
_c169
040 _aSNK
_bslo
_cSNK
_eAACR2
041 1 _aslo
_heng
044 _axo
_cSK
080 _a613.2(035)
100 1 _aHaas, Elson M.
_4aut
240 1 0 _aThe detox diet
_lSlovensky
245 1 0 _aDetoxikačná diéta
_bako a kedy začať s očistou tela
_cElson M. Haas ; [z anglického originálu preložila Martina Masárová]
260 _aBratislava
_bSLOVART
_cc2000
300 _a103 s.
_btab.
_c23 cm
500 _aÚdaj o prekl. prevzatý z rubu tit. strany
504 _aBibliogr. s. 102
650 0 7 _adiéta detoxikačná
_xpríručky
_2SNK
700 1 _aMasárová, Martina
_4trl
730 _tThe detox diet
765 0 _tThe detox diet
_aHaas, Elson M.
958 _aAPP
999 _c19902
_d19902